Capitales qui commencent par B - Statistiques

Statistiques générales
  • Ce quiz a été pris 442 fois
    389 depuis la dernière actualisation
  • Le résultat moyen est 15 sur 24
Statistiques - réponses
Capitales % Correct
Bruxelles
86%
Berlin
85%
Brasilia
80%
Bratislava
75%
Berne
72%
Bogota
72%
Bucarest
70%
Budapest
69%
Bamako
65%
Belgrade
64%
Buenos Aires
64%
Bangkok
63%
Belmopan
63%
Bagdad
61%
Beyrouth
57%
Brazzaville
52%
Banjul
51%
Bakou
50%
Bangui
50%
Bichkek
50%
Bandar Seri Begawan
46%
Bridgetown
45%
Bissau
35%
Basseterre
33%
Aucun quiz correspondant
Distribution des résultats
% des personnes avec chaque résultat
Percentile par nombre de réponses
Votre historique - résultats
Vous n’avez pas pris ce quiz depuis la dernière actualisation